LEADER 00862nam0 2200265 450 001 000005402 005 20081212115040.0 010 $a0-201-18075-8 100 $a20040429d2002----km-y0itay50------ba 101 0 $aeng 102 $aUS 200 1 $aDigital image processing$fRafael C. Gonzalez, Richard E. Woods 205 $a2. ed. 210 $aUpper Saddle River (N.J.)$cPrentice-Hall$d2002c 215 $aXX, 793 p.$cill.$d25 cm 300 $aIncludes bibliographical references 610 1 $aImmagini ottiche$aElaborazioni elettroniche 676 $a621.367$v21$9Elaborazione dell'immagine 700 1$aGonzalez,$bRafael C.$047267 701 1$aWoods,$bRichard E.$028573 801 0$aIT$bUNIPARTHENOPE$gRICA$2UNIMARC 912 $a000005402 951 $aP1 621-D/6$b36674$cPIST$d20040429 996 $aDigital image processing$916199 997 $aUNIPARTHENOPE LEADER 01264nam 2200421 450 001 9910794859003321 005 20230809233536.0 010 $a1-5071-7385-7 035 $a(CKB)4330000000072586 035 $a(MiAaPQ)EBC4819503 035 $a(Au-PeEL)EBL4819503 035 $a(CaPaEBR)ebr11358219 035 $a(OCoLC)979164090 035 $a(EXLCZ)994330000000072586 100 $a20200121d2017 uy 0 101 0 $apor 135 $aurcnu|||||||| 181 $ctxt$2rdacontent 182 $cc$2rdamedia 183 $acr$2rdacarrier 200 12$aA empresa regenerativa $eotimizar em prol de uma abundancia multicapital /$fEthan Roland & Gregory Landua ; traduzido por Patri?cia Pinto 210 1$a[Place of publication not identified] :$cBabelcube Inc,$d[2017] 210 4$dİ2017 215 $a1 online resource (53 pages) 320 $aIncludes bibliographical references. 606 $aRegeneration 615 0$aRegeneration. 676 $a571 700 $aRoland$b Ethan$01580011 702 $aLandua$b Gregory 702 $aPinto$b Patri?cia 801 0$bMiAaPQ 801 1$bMiAaPQ 801 2$bMiAaPQ 906 $aBOOK 912 $a9910794859003321 996 $aA empresa regenerativa$93860553 997 $aUNINA